<?xml version="1.0" encoding="UTF-8"?><?xml-stylesheet type="text/xsl" href="static/style.xsl"?><OAI-PMH xmlns="http://www.openarchives.org/OAI/2.0/" xmlns:xsi="http://www.w3.org/2001/XMLSchema-instance" xsi:schemaLocation="http://www.openarchives.org/OAI/2.0/ http://www.openarchives.org/OAI/2.0/OAI-PMH.xsd"><responseDate>2026-04-14T08:01:31Z</responseDate><request verb="GetRecord" identifier="oai:www.recercat.cat:20.500.12328/5135" metadataPrefix="marc">https://recercat.cat/oai/request</request><GetRecord><record><header><identifier>oai:recercat.cat:20.500.12328/5135</identifier><datestamp>2025-11-13T16:44:35Z</datestamp><setSpec>com_2072_67741</setSpec><setSpec>col_2072_484352</setSpec></header><metadata><record xmlns="http://www.loc.gov/MARC21/slim" xmlns:dcterms="http://purl.org/dc/terms/" xmlns:xsi="http://www.w3.org/2001/XMLSchema-instance" xmlns:doc="http://www.lyncode.com/xoai" xsi:schemaLocation="http://www.loc.gov/MARC21/slim http://www.loc.gov/standards/marcxml/schema/MARC21slim.xsd">
   <leader>00925njm 22002777a 4500</leader>
   <datafield ind2=" " ind1=" " tag="042">
      <subfield code="a">dc</subfield>
   </datafield>
   <datafield ind2=" " ind1=" " tag="720">
      <subfield code="a">Giovannelli, María Carmela</subfield>
      <subfield code="e">author</subfield>
   </datafield>
   <datafield ind2=" " ind1=" " tag="720">
      <subfield code="a">Ibarra Aguilera, Frida Galena</subfield>
      <subfield code="e">author</subfield>
   </datafield>
   <datafield ind2=" " ind1=" " tag="720">
      <subfield code="a">Martínez Sabio, Laura</subfield>
      <subfield code="e">author</subfield>
   </datafield>
   <datafield ind2=" " ind1=" " tag="720">
      <subfield code="a">Lluch Llagostera, Clàudia</subfield>
      <subfield code="e">author</subfield>
   </datafield>
   <datafield ind2=" " ind1=" " tag="720">
      <subfield code="a">veloso, ana</subfield>
      <subfield code="e">author</subfield>
   </datafield>
   <datafield ind2=" " ind1=" " tag="720">
      <subfield code="a">Guinot Jimeno, Francisco</subfield>
      <subfield code="e">author</subfield>
   </datafield>
   <datafield ind2=" " ind1=" " tag="720">
      <subfield code="a">García Villa, Cristina</subfield>
      <subfield code="e">author</subfield>
   </datafield>
   <datafield ind2=" " ind1=" " tag="260">
      <subfield code="c">2025</subfield>
   </datafield>
   <datafield ind2=" " ind1=" " tag="520">
      <subfield code="a">Introducción: la respiración oral es una condición patológica que&#xd;
reemplaza la respiración nasal normal durante un periodo superior&#xd;
a los seis meses. Su etiología compleja implica factores genéticos,&#xd;
hábitos orales deficientes u obstrucciones nasales. Entre las patologías respiratorias comunes que la causan se encuentran la enfermedad pulmonar crónica, la obstrucción nasal, el asma, la rinitis&#xd;
alérgica y la hipertrofia adenoamigdalar. Los niños con respiración&#xd;
oral suelen exhibir rasgos faciales distintivos (conocidos como facies&#xd;
adenoidea) y problemas de maloclusión. Esta condición puede tener&#xd;
repercusiones en el desarrollo cráneo-orofacial, el habla, la calidad&#xd;
del sueño y el rendimiento escolar.&#xd;
Objetivo: realizar un protocolo de trabajo que nos servirá para&#xd;
establecer la prevalencia de maloclusiones orofaciales (esqueléticas&#xd;
y/o dentales) en pacientes respiradores orales.&#xd;
Material y método: el protocolo de trabajo está compuesto por dos&#xd;
cuestionarios y un examen orofacial. Se entregarán dos encuestas a los&#xd;
padres: el Pediatric Sleep Questionnaire (también conocido como cuestionario de Chervin) y un cuestionario diseñado para evaluar síntomas respiratorios, la respiración durante el sueño y posibles implicaciones&#xd;
en el desarrollo y la vida social de los niños. Además, se realizará&#xd;
un examen físico para evaluar la presencia de hipertrofia amigdalar&#xd;
mediante la codificación de Friedman. Utilizando una plantilla desarrollada en la Universitat Internacional de Catalunya, se evaluará el perfil&#xd;
sagital, los tercios verticales, el resalte dentario, la forma del paladar y&#xd;
la mordida. Se emplearán pruebas estadísticas para analizar los datos&#xd;
recopilados y establecer asociaciones entre las variables estudiadas.&#xd;
Conclusiones: los resultados de estudios previos sugieren una prevalencia significativa de respiración bucal y alteraciones respiratorias; encontraron una correlación entre la respiración bucal y maloclusiones orofaciales, así como una mayor prevalencia de la condición&#xd;
en niños con antecedentes de enfermedades obstructivas respiratorias&#xd;
e infecciones del tracto respiratorio superior. Estos hallazgos resaltan&#xd;
la importancia de desarrollar este protocolo para identificar y abordar la respiración bucal en la infancia para prevenir complicaciones&#xd;
futuras en el desarrollo orofacial y la salud respiratoria.</subfield>
   </datafield>
   <datafield ind1="8" ind2=" " tag="024">
      <subfield code="a">Giovannelli, María Carmela; Ibarro Aguilera, Frida Galena; Martínez Sabio, Laura[et al.]. Protocolo de estudio de la prevalencia de maloclusiones asociadas a la respiración oral en pacientes infantiles. Revista de Odontología Pediátrica, 2025, 33(2), páginas 93-108. Disponible en &lt;https://www.revistaodontologiapediatrica.es/articles/onlinefirst>.  Fecha de acceso: 12 nov. 2025. DOI: 10.20960/odontolpediatr.00037</subfield>
   </datafield>
   <datafield ind1="8" ind2=" " tag="024">
      <subfield code="a">2952-3214</subfield>
   </datafield>
   <datafield ind1="8" ind2=" " tag="024">
      <subfield code="a">http://hdl.handle.net/20.500.12328/5135</subfield>
   </datafield>
   <datafield ind1="8" ind2=" " tag="024">
      <subfield code="a">https://dx.doi.org/10.20960/odontolpediatr.00037</subfield>
   </datafield>
   <datafield tag="653" ind2=" " ind1=" ">
      <subfield code="a">Respiración oral</subfield>
   </datafield>
   <datafield tag="653" ind2=" " ind1=" ">
      <subfield code="a">Facies adenoidea</subfield>
   </datafield>
   <datafield tag="653" ind2=" " ind1=" ">
      <subfield code="a">Maloclusión</subfield>
   </datafield>
   <datafield tag="653" ind2=" " ind1=" ">
      <subfield code="a">Rinitis alérgica</subfield>
   </datafield>
   <datafield tag="653" ind2=" " ind1=" ">
      <subfield code="a">Malocclusion</subfield>
   </datafield>
   <datafield tag="653" ind2=" " ind1=" ">
      <subfield code="a">Oral breathing</subfield>
   </datafield>
   <datafield tag="653" ind2=" " ind1=" ">
      <subfield code="a">Malocclusion</subfield>
   </datafield>
   <datafield tag="653" ind2=" " ind1=" ">
      <subfield code="a">Allergic rhinitis</subfield>
   </datafield>
   <datafield tag="653" ind2=" " ind1=" ">
      <subfield code="a">Respiració oral</subfield>
   </datafield>
   <datafield tag="653" ind2=" " ind1=" ">
      <subfield code="a">Maloclusió</subfield>
   </datafield>
   <datafield tag="653" ind2=" " ind1=" ">
      <subfield code="a">Rinitis al·lèrgica</subfield>
   </datafield>
   <datafield ind2="0" ind1="0" tag="245">
      <subfield code="a">Protocolo de estudio de la prevalencia de maloclusiones asociadas a la respiración oral en pacientes infantiles</subfield>
   </datafield>
</record></metadata></record></GetRecord></OAI-PMH>